Statistics for Most Countries of the World You Can Name in Five Minutes

Click here to take the quiz!

General Stats

  • This quiz has been taken 32,284 times
  • The average score is 106 of 196

Answer Stats

Country% Correct
United States
90%
United Kingdom
88%
Canada
86%
China
84%
France
84%
Russia
83%
Brazil
80%
Australia
79%
Germany
79%
Japan
79%
Mexico
79%
Spain
79%
India
78%
Argentina
76%
Italy
76%
Sweden
76%
Finland
75%
Ireland
75%
Chile
74%
Norway
74%
Austria
73%
Iceland
72%
Portugal
72%
Denmark
71%
Iran
71%
Egypt
70%
Iraq
70%
Greece
69%
Peru
69%
Belgium
68%
Poland
68%
Albania
67%
Andorra
67%
Cuba
67%
South Korea
67%
Algeria
66%
North Korea
65%
Ukraine
65%
Afghanistan
64%
Turkey
64%
Colombia
63%
Latvia
63%
Bolivia
62%
Estonia
62%
Oman
62%
Indonesia
61%
Pakistan
61%
South Africa
61%
Yemen
61%
Belarus
60%
Haiti
60%
Israel
60%
Laos
60%
New Zealand
60%
Paraguay
60%
Thailand
60%
Vietnam
60%
Belize
59%
Hungary
59%
Lithuania
59%
Panama
59%
Uruguay
59%
Armenia
58%
Croatia
58%
Jamaica
58%
Netherlands
58%
Niger
58%
Romania
58%
Slovakia
58%
United Arab Emirates
58%
Bulgaria
57%
Honduras
57%
Morocco
57%
Serbia
57%
Slovenia
57%
Switzerland
57%
Bahamas
56%
Bosnia and Herzegovina
56%
Chad
56%
Ecuador
56%
Fiji
56%
Libya
56%
Venezuela
56%
Cambodia
55%
Costa Rica
55%
Dominica
55%
Jordan
55%
Malta
55%
Mongolia
55%
Qatar
55%
Sudan
55%
Syria
55%
Angola
54%
Bhutan
54%
Monaco
54%
Nepal
54%
Nigeria
54%
Saudi Arabia
54%
Barbados
53%
Kenya
53%
Mali
53%
Cyprus
52%
Democratic Republic of the Congo
52%
Guatemala
52%
Guyana
52%
Malaysia
52%
Republic of the Congo
52%
Antigua and Barbuda
51%
Azerbaijan
51%
Bahrain
51%
Ghana
51%
Kosovo
51%
Lebanon
51%
San Marino
51%
Taiwan
51%
Bangladesh
50%
El Salvador
50%
Suriname
50%
Czech Republic
49%
Luxembourg
49%
Nicaragua
49%
Togo
49%
Tunisia
49%
Benin
48%
Ethiopia
48%
Kuwait
48%
Moldova
48%
Myanmar
48%
Singapore
48%
South Sudan
48%
Brunei
47%
Georgia
47%
Philippines
47%
Saint Kitts and Nevis
47%
Sri Lanka
47%
Tonga
47%
Zambia
47%
Guinea
46%
Macedonia
46%
Montenegro
46%
Saint Lucia
46%
Dominican Republic
45%
Kazakhstan
45%
Samoa
45%
Somalia
45%
Zimbabwe
45%
Saint Vincent and the Grenadines
44%
Trinidad and Tobago
44%
Vatican City
44%
Eritrea
43%
Gambia
43%
Lesotho
43%
Nauru
43%
Palau
43%
Uganda
43%
Uzbekistan
43%
Botswana
42%
Grenada
42%
Madagascar
42%
Maldives
42%
Namibia
42%
Rwanda
42%
Turkmenistan
42%
Senegal
41%
Tuvalu
41%
Burundi
40%
Gabon
40%
Kiribati
40%
Malawi
40%
Cameroon
39%
Djibouti
39%
Liberia
39%
Tajikistan
39%
Tanzania
39%
Comoros
38%
Liechtenstein
38%
Vanuatu
38%
East Timor
37%
Seychelles
37%
Guinea-Bissau
36%
Mauritania
36%
Papua New Guinea
35%
Burkina Faso
34%
Federated States of Micronesia
34%
Mauritius
34%
Mozambique
34%
Sao Tome and Principe
34%
Cape Verde
33%
Cote d'Ivoire
33%
Marshall Islands
32%
Sierra Leone
32%
Solomon Islands
32%
Swaziland
31%
Kyrgyzstan
30%
Central African Republic
26%
Equatorial Guinea
25%

Score Distribution

Percentile by Number Answered

Percent of People with Each Score

Your Score History

You have not taken this quiz